| 000 | 00527nam a2200217Ia 4500 | ||
|---|---|---|---|
| 003 | OSt | ||
| 005 | 20221005122829.0 | ||
| 006 | a|||||r|||| 00| 0 | ||
| 007 | ta | ||
| 008 | 221004b |||||||| |||| 00| 0 mar d | ||
| 024 | _a46931 | ||
| 037 | _cTextual | ||
| 040 |
_aCRL _cCRL _bmar |
||
| 041 |
_2mar _amar |
||
| 082 | _aR65xK08,2, 155A | ||
| 100 |
_aMahipati _9225378 |
||
| 245 | 0 | _aKatha saramrit | |
| 260 | _c1962 | ||
| 942 |
_hR65xK08,2, 155A _cTEXL _2cc |
||
| 999 |
_c1045524 _d1045524 |
||